Loading...
Personnel: Human resource management
| Main Author: | |
|---|---|
| Format: | Printed Book |
| Published: |
Universal Book Stall, New Delhi
1990
|
| Subjects: |
| LEADER | 00508nam a2200157 4500 | ||
|---|---|---|---|
| 082 | |a 658.3H HEN-P | ||
| 100 | |a Heneman, Herbert G, et al. | ||
| 245 | |a Personnel: Human resource management |c Heneman, Herbert G, et al. | ||
| 250 | |||
| 260 | |a Universal Book Stall, New Delhi |c 1990 | ||
| 300 | |a 740 p | ||
| 490 | |||
| 650 | |a Human resource management | ||
| 942 | |c BK | ||
| 999 | |c 125293 |d 125293 | ||
| 952 | |0 0 |1 0 |4 0 |6 658_000000000000000_3H_HENP |7 0 |9 138755 |a COM |b COM |l 0 |o 658.3H HEN-P |p COM01525 |r 2019-10-24 |w 2019-10-24 |y BK | ||